| 000 | 02322nam a2200313 a 4500 | ||
|---|---|---|---|
| 001 | 000046767 | ||
| 005 | 20250217092805.0 | ||
| 008 | 180322s2016 dr 000 0 spa d | ||
| 020 | _a9789945903935 | ||
| 040 |
_aDO-SdBNP _bspa _cBNPHU |
||
| 082 |
_a270.82 _bJ91s, 2016 |
||
| 100 | 1 |
_aJuanes, Benigno _d1916-2009 _9442 |
|
| 245 | 1 | 0 |
_aServidores y equipo responsable en los grupos de oración / _cP. Benigno Juanes, S.J. ; presentación Juan F. Pepén. |
| 250 | _a5a ed. | ||
| 260 |
_aSanto Domingo : _bAmigo del Hogar, _c2016. |
||
| 300 |
_a254 p. : _b22 cm. |
||
| 490 | 1 |
_aTorrentes _v4 |
|
| 500 | _aGuía para la renovación carismática católica | ||
| 500 | _aIncluye referencias bibliográficas y notas al pie de las páginas. | ||
| 505 | 0 |
_aPara construir una autentica reunión de oración : orientaciones generales -- _tPara construir una autentica reunión de adoración : actuación general del servidor -- _tPara construir una autentica reunión de oración : puntos fundamentales -- _tPara construir una autentica reunión de oración -- _tSugerencias a los servidores respecto de sí mismo -- _tSugerencias a los servidores respecto de los grupos de oración -- _tSugerencias a los servidores respecto a los párrocos: La párroquía y su inserción en ella -- _tEl equipo de servidores en el grupo de oración -- _tLa misión del equipo de servidores del grupo de oración -- _tSugerencias al responsable frente a los demás servidores del grupo de oración -- _tDificultades y problemas en los grupos de oración y la actuación del servidor -- _tLa reunión fuerte y la reunión débil en los grupos de oración : actuación del servidor -- _tComo discernir el estado del grupo de oración en orden a revitalizarlo -- _tRevitalización de los grupos de oración : evaluación de los servidores -- _tRevitalización de los grupos de oración -- _tEvaluación de los grupos de oración -- _tLos problemas entre responsables -- |
|
| 590 | _aInventariado, 2018 /LP | ||
| 650 | 4 |
_aMovimiento carismático _9666 |
|
| 650 | 4 |
_aRenovación carismática _9667 |
|
| 650 | 0 |
_aVida cristiana _9668 |
|
| 650 | 4 |
_aGrupos de oración _xBautistas, iglesia católica, etc. _9669 |
|
| 700 | 1 |
_aPepén, Juan F. _q (Juan Felix) _epresent. _913174 |
|
| 830 | 0 |
_aTorrentes ; _n4 _934333 |
|
| 910 | _aValidado. Control de calidad MFF | ||
| 999 |
_c46256 _d46256 |
||